| Tag |
First Indicator |
Second Indicator |
Subfields |
| LEADER |
00000ccm a2200000Ia 4500 |
| 001 |
in00002503021 |
| 005 |
20151111053354.0 |
| 008 |
781019s1919 it uuz n zxx d |
| 024 |
2 |
|
|a M041172958
|
| 028 |
2 |
2 |
|a 117295
|b G. Ricordi
|
| 029 |
1 |
|
|a AU@
|b 000009237442
|
| 029 |
1 |
|
|a AU@
|b 000009070430
|
| 035 |
|
|
|a (OCoLC)ocm04303557
|
| 035 |
|
|
|a (OCoLC)4303557
|
| 040 |
|
|
|a LWA
|c LWA
|d OCL
|d OBE
|d OCLCQ
|d OCLCG
|d TXA
|d UtOrBLW
|
| 045 |
0 |
|
|b d1917
|
| 048 |
|
|
|a ka01
|
| 049 |
|
|
|a TXAM
|
| 050 |
|
4 |
|a M25.C375
|b N68 1919
|
| 100 |
1 |
|
|a Casella, Alfredo,
|d 1883-1947.
|
| 245 |
1 |
2 |
|a A notte alta :
|b poema musicale per pianoforte /
|c Alfredo Casella.
|
| 264 |
|
1 |
|a Milano :
|b G. Ricordi,
|c 1919.
|
| 300 |
|
|
|a 23 pages of music ;
|c 33 cm.
|
| 336 |
|
|
|a notated music
|b ntm
|2 rdacontent
|
| 337 |
|
|
|a unmediated
|b n
|2 rdamedia
|
| 338 |
|
|
|a volume
|b nc
|2 rdacarrier
|
| 650 |
|
0 |
|a Piano music.
|
| 948 |
|
|
|a cataloged
|b h
|c 2009/9/1
|d c
|e bhartsfi
|f 1:03:10 pm
|
| 994 |
|
|
|a C0
|b TXA
|
| 999 |
|
|
|a MARS
|
| 999 |
f |
f |
|s 7097c195-7440-3c94-98e2-0cfa5e806e35
|i 20f73366-ac06-3469-9671-088145c1014e
|t 0
|
| 952 |
f |
f |
|p ric
|a Texas A&M University
|b Rellis Campus
|c Joint Library Facility
|d Remote Storage
|t 0
|e M25.C375 N68 1919
|h Library of Congress classification
|i unmediated -- volume
|m A14838881461
|
| 998 |
f |
f |
|a M25.C375 N68 1919
|t 0
|l Remote Storage
|